| 000 | 01053nam a2200217 i 4500 | ||
|---|---|---|---|
| 001 | 170626 | ||
| 003 | ES-MaACL | ||
| 005 | 20250824072542.0 | ||
| 008 | 090325s1926 ag |||| | spa d | ||
| 080 | _a821.134.2 (82)-2"18" | ||
| 100 | 1 |
_aOrtega, Miguel. _9141869 |
|
| 245 | 1 | 0 |
_aLucía de Miranda _b: drama en verso en cinco actos / _cpor Miguel Ortega ; [noticia de Jorge M. Furt]. |
| 260 |
_aBuenos Aires : _b[s.n.], _c1926 ( _fImp. de la Universidad) |
||
| 300 |
_a3 h., p. 252-360 ; _c23 cm. |
||
| 490 | 1 |
_aSección de documentos. Primera serie. T. IV: Teatro en verso / Facultad de Filosofía y Letras de la Universidad de Buenos Aires, Instituto de Literatura Argentina ; _v5 |
|
| 700 | 1 |
_aFurt, Jorge M. ( _d1902-1971) _9152229 |
|
| 710 | 2 |
_aUniversidad de Buenos Aires. _bInstituto de Literatura Argentina. _9139614 |
|
| 830 | 0 | 0 |
_aSección de documentos. _pPrimera serie. _pTeatro en verso (Instituto de Literatura Argentina) _v5 _9188931 |
| 852 |
_aES-MaACL _jC-6630(6) _z- Enc. en un vol. facticio |
||
| 999 |
_c170626 _d170626 |
||